Ethnicity and Land Conflicts: (Record no. 196648)

MARC details
000 -LEADER
fixed length control field 00752nam a22002177a 4500
005 - DATE AND TIME OF LATEST TRANSACTION
control field 20230814142442.0
010 ## - LCCN (DPL NO)
LC control number ENG-137475
020 ## - INTERNATIONAL STANDARD BOOK NUMBER
Terms of availability 300.00
International Standard Book Number 9788195302444
035 ## - SYSTEM CONTROL NUMBER
System control number EN-121007
037 ## - SOURCE OF ACQUISITION
Source of stock number/acquisition DBAD/PUB
082 ## - DEWEY DECIMAL CLASSIFICATION NUMBER
Classification number 333.30954
100 ## - MAIN ENTRY--PERSONAL NAME
Personal name Fernades Walter
245 ## - TITLE STATEMENT
Title Ethnicity and Land Conflicts:
Statement of responsibility, etc By Walter Fernands
Remainder of title Develpoment- induced dispalcement in Tripura 1947-2010/
260 ## - PUBLICATION, DISTRIBUTION, ETC. (IMPRINT)
Place of publication, distribution, etc Guwati
Name of publisher, distributor, etc North Eastern Social Research Centre
270 ## - ADDRESS
Address North Eastern Social Research Centre Jagriti 2nd Floor, Arunodoi Path, GMCH Road, Christian Basti
City Guwati
Postal code 781005
300 ## - PHYSICAL DESCRIPTION
Extent 278p.
Dimensions 22cm
700 ## - ADDED ENTRY--PERSONAL NAME
Personal name Thomas Malsom
700 ## - ADDED ENTRY--PERSONAL NAME
Personal name Gita Bharali
700 ## - ADDED ENTRY--PERSONAL NAME
Personal name Meenal Tula
942 ## - ADDED ENTRY ELEMENTS (KOHA)
Source of classification or shelving scheme Dewey Decimal Classification
Item type English Books
Call number suffix FER
Classification part 333.30954
Holdings
Withdrawn status Lost status Not for loan Collection code Home library Current library Date acquired Source of acquisition Cost, normal purchase price Full call number Barcode Copy number Cost, replacement price Koha item type
      Non-fiction Kadipur Kadipur 19/07/2023 DBAD/PUB 300.00 333.30954 FER EN-121007 1 300.00 English Books

© Delhi Public Library
Hit Counter
free hit counter